| 000 | 00860nam a22002297a 4500 | ||
|---|---|---|---|
| 999 |
_c9625 _d9625 |
||
| 003 | AR-CdUCM | ||
| 008 | 190328b ||||| |||| 00| 0 spa d | ||
| 040 |
_aMUNICIPALIDAD PROVINCIAL DEL CUSCO _cBIBLIOTECA MUNICIPAL DEL CUSCO |
||
| 082 |
_a940.501 / _bB45 / 1933 |
||
| 100 |
_aBerdiaeff, Nicolas _925950 |
||
| 245 |
_aUna nueva edad media : _breflexiones acerca de los destinos de Rusia y de Europa / |
||
| 260 |
_aSantiago de Chile : _bErcilla, _c1933. |
||
| 300 |
_a130 páginas ; _c22 cm. |
||
| 440 |
_aBiblioteca Ercilla. _nXIII _925951 |
||
| 505 | _aContenido : El fin del renacimiento -- La nueva edad media -- Reflexiones sobre la revolución Rusa -- La democracia, el socialismo y la teocracia. | ||
| 650 |
_aEuropa _91221 |
||
| 650 |
_aHistoria _9136 |
||
| 650 |
_aFilosofía _9395 |
||
| 650 |
_aRusia _9499 |
||
| 942 |
_2ddc _cLIBROS |
||
| 945 | _azta | ||